Statistics for Marvel Heroes Starting with H (by picture)

Click here to take the quiz!

General Stats

  • This quiz has been taken 38 times
  • The average score is 11 of 19

Answer Stats

Answer% Correct
Hawkeye
100%
Hawkeye (Kate Bishop)
100%
Hulk
100%
Howard the Duck
91%
Human Torch
88%
Human Torch (android)
88%
Heimdall
81%
Hercules
66%
Hulkling
59%
Havok
53%
Hit-Monkey
53%
H.E.R.B.I.E.
50%
Hiro
47%
Hyperion
38%
Hogun the Grim
28%
Hazmat
25%
Honey Lemon
16%
Husk
16%
Human Robot
9%

Score Distribution

Percentile by Number Answered

Percent of People with Each Score

Your Score History

You have not taken this quiz